书目信息 |
| 题名: |
形势与政策
|
|
| 作者: | 徐祖望 | |
| 分册: | ||
| 出版信息: | 中国经济出版社 |
|
| 页数: | 246 | |
| 开本: | 20cm | |
| 丛书名: | ||
| 单 册: | ||
| 中图分类: | G414 | |
| 科图分类: | ||
| 主题词: | 思想政治教育--学校教育 , 德育--学校教育 | |
| 电子资源: | ||
| ISBN: | 7-5017-0920-3 | |
| 000 | 00515nam0 2200193 450 | |
| 001 | 0760515518 | |
| 005 | 20070817164835.51 | |
| 010 | @a7-5017-0920-3@d¥3.90 | |
| 100 | @a20070817d km y0chiy0120 ea | |
| 101 | 0 | @achi |
| 200 | 1 | @a形势与政策@Axing shi yu zheng ce@f徐祖望@Fxu zu wang |
| 210 | @c中国经济出版社 | |
| 215 | @a246@d20cm | |
| 606 | 0 | @a思想政治教育--学校教育 |
| 606 | 0 | @a德育--学校教育 |
| 690 | @aG414@v3 | |
| 701 | 0 | @a徐祖望@Axu zu wang |
| 801 | 0 | @aCN@bPFT@c20070817 |
| 905 | @a213230@dG414@eg7@f1 | |
| 形势与政策/徐祖望.-中国经济出版社 |
| 246;20cm |
| ISBN 7-5017-0920-3:¥3.90 |
| ● |
| 相关链接 |
|
|
|
|
正题名:形势与政策
索取号:G414/g7
 
预约/预借
| 序号 | 登录号 | 条形码 | 馆藏地/架位号 | 状态 | 备注 |
| 1 | 6500916 | 265009162 | 经管系资料室/ [索取号:G414/g7] | 在馆 |